[Event "Quebec op U2000"]
[Site "Montreal CAN"]
[Date "2012.07.22"]
[Round "2"]
[White "Blanchet, Robert"]
[Black "Turcotte, Jonathan"]
[Result "1-0"]
[WhiteElo "1738"]
[BlackElo "1936"]
[PlyCount "67"]
[GameId "2160767909442302"]
[EventDate "2012.07.21"]
[EventType "swiss"]
[EventRounds "9"]
[EventCountry "CAN"]
[SourceTitle "EXT 2022"]
[Source "ChessBase"]
[SourceDate "2021.10.06"]
[SourceVersion "1"]
[SourceVersionDate "2021.10.06"]
[SourceQuality "1"]

1. e4 c6 2. d4 d5 3. Nd2 dxe4 4. Nxe4 Bf5 5. Ng3 Bg6 6. Nf3 Nd7 7. Nh4 e6 8. Nxg6 hxg6 9. Bd3 Ngf6 10. Qe2 Bd6 11. c4 Bb4+ 12. Bd2 Qa5 13. a3 Bxd2+ 14. Qxd2 Qxd2+ 15. Kxd2 O-O-O 16. Be2 Nc5 17. Ke3 Nb3 18. Rad1 Rh4 19. f4 c5 20. dxc5 Rxd1 21. Bxd1 Nxc5 22. b4 Ncd7 23. Be2 b5 24. Rc1 Nb6 25. cxb5+ Kb7 26. Bf3+ Nbd5+ 27. Kd3 Rxh2 28. Rc5 Kb6 29. Nf1 Rh1 30. Nd2 Nxf4+ 31. Kd4 N4d5 32. Nc4+ Kb7 33. Nd6+ Kb6 34. Rc6# 1-0

[Event "Quebec op U2000"]
[Site "Montreal CAN"]
[Date "2012.07.22"]
[Round "2"]
[White "Chevalier, Francois"]
[Black "Le Bas, Nicolas"]
[Result "1-0"]
[WhiteElo "1808"]
[BlackElo "1655"]
[PlyCount "105"]
[GameId "2160767909442303"]
[EventDate "2012.07.21"]
[EventType "swiss"]
[EventRounds "9"]
[EventCountry "CAN"]
[SourceTitle "EXT 2022"]
[Source "ChessBase"]
[SourceDate "2021.10.06"]
[SourceVersion "1"]
[SourceVersionDate "2021.10.06"]
[SourceQuality "1"]

1. e4 e5 2. Nf3 Nc6 3. Bb5 a6 4. Ba4 b5 5. Bb3 Nf6 6. Qe2 Be7 7. c3 O-O 8. d4 Re8 9. d5 Na5 10. Bc2 d6 11. O-O c5 12. h3 h6 13. Re1 Bd7 14. Nbd2 Nb7 15. b3 a5 16. c4 b4 17. Nf1 a4 18. Bd2 Qa5 19. Ng3 axb3 20. axb3 Qxa1 21. Rxa1 Rxa1+ 22. Kh2 Rea8 23. Nf5 Bf8 24. g4 Nh7 25. h4 R8a3 26. h5 Na5 27. g5 Nxb3 28. Bxb3 Rxb3 29. gxh6 g6 30. hxg6 fxg6 31. N5h4 Bg4 32. Be3 Rbb1 33. Qd2 Bh5 34. Kg3 Be7 35. Ng2 Rd1 36. Qb2 g5 37. Bxc5 Rab1 38. Qa2 dxc5 39. Qa8+ Nf8 40. Qb7 Ng6 41. Nxg5 Rh1 42. d6 Rb3+ 43. Ne3 Rg1+ 44. Kh2 Rxg5 45. dxe7 Nf4 46. Qc8+ Kh7 47. e8=Q Bxe8 48. Qxe8 Rb1 49. Qf7+ Kxh6 50. Nf5+ Rxf5 51. Qxf5 Rb3 52. Qxe5 Rh3+ 53. Kg1 1-0

[Event "Quebec op U2000"]
[Site "Montreal CAN"]
[Date "2012.07.22"]
[Round "2"]
[White "Cote-Lalumiere, Tristan"]
[Black "Gauthier, Luc"]
[Result "1-0"]
[WhiteElo "1866"]
[BlackElo "1755"]
[PlyCount "43"]
[GameId "2160767909442304"]
[EventDate "2012.07.21"]
[EventType "swiss"]
[EventRounds "9"]
[EventCountry "CAN"]
[SourceTitle "EXT 2022"]
[Source "ChessBase"]
[SourceDate "2021.10.06"]
[SourceVersion "1"]
[SourceVersionDate "2021.10.06"]
[SourceQuality "1"]

1. e4 Nf6 2. e5 Nd5 3. d4 d6 4. Bc4 Nb6 5. e6 Nxc4 6. exf7+ Kxf7 7. Qf3+ Ke8 8. Qh5+ g6 9. Qb5+ c6 10. Qxc4 Bg7 11. Be3 Nd7 12. Ne2 d5 13. Qd3 e5 14. f3 exd4 15. Bxd4 Ne5 16. Qc3 Qe7 17. f4 Bg4 18. fxe5 Bxe2 19. Kxe2 Qh4 20. Rf1 Qe4+ 21. Qe3 Qxc2+ 22. Nd2 1-0

[Event "Quebec op U2000"]
[Site "Montreal CAN"]
[Date "2012.07.22"]
[Round "2"]
[White "Cvetkovic, Simeon"]
[Black "Yip, William"]
[Result "0-1"]
[WhiteElo "1995"]
[BlackElo "1561"]
[PlyCount "90"]
[GameId "2160767909442305"]
[EventDate "2012.07.21"]
[EventType "swiss"]
[EventRounds "9"]
[EventCountry "CAN"]
[SourceTitle "EXT 2022"]
[Source "ChessBase"]
[SourceDate "2021.10.06"]
[SourceVersion "1"]
[SourceVersionDate "2021.10.06"]
[SourceQuality "1"]

1. Nf3 d5 2. d3 c5 3. Nbd2 Nc6 4. e4 e6 5. g3 Bd6 6. Bg2 Nge7 7. O-O O-O 8. Re1 Qc7 9. c3 e5 10. exd5 Nxd5 11. Nc4 Nf6 12. Ng5 Rd8 13. Ne3 Be7 14. Qb3 Rf8 15. Ne4 Be6 16. Qc2 h6 17. Nxf6+ Bxf6 18. Be4 Rad8 19. Qe2 g6 20. Qf3 Bg7 21. Nd5 Bxd5 22. Bxd5 Qd6 23. Bxc6 Qxc6 24. Qxc6 bxc6 25. Be3 Rxd3 26. Bxc5 Rb8 27. Re2 a6 28. Kf1 f5 29. Ke1 Rbd8 30. Be3 g5 31. Rd2 e4 32. Rad1 Rxd2 33. Rxd2 Rxd2 34. Kxd2 Be5 35. Bc5 Kf7 36. b4 Ke6 37. Bf8 h5 38. Bc5 f4 39. Bb6 Kd5 40. Bd8 g4 41. Bg5 f3 42. Kc2 Kc4 43. Bd2 h4 44. Be1 hxg3 45. hxg3 Bxg3 0-1

[Event "Quebec op U2000"]
[Site "Montreal CAN"]
[Date "2012.07.22"]
[Round "2"]
[White "Dominique, Vladimir"]
[Black "Lalumiere, Claude"]
[Result "0-1"]
[WhiteElo "1669"]
[BlackElo "1825"]
[PlyCount "72"]
[GameId "2160767909442306"]
[EventDate "2012.07.21"]
[EventType "swiss"]
[EventRounds "9"]
[EventCountry "CAN"]
[SourceTitle "EXT 2022"]
[Source "ChessBase"]
[SourceDate "2021.10.06"]
[SourceVersion "1"]
[SourceVersionDate "2021.10.06"]
[SourceQuality "1"]

1. e4 c5 2. Nf3 d6 3. Nc3 Nc6 4. d4 cxd4 5. Nxd4 Nf6 6. Bb5 Bd7 7. O-O g6 8. Bg5 Bg7 9. Bxc6 bxc6 10. Qd2 h6 11. Bh4 Qb6 12. Nb3 Ng4 13. Bg3 Ne5 14. Kh1 Nc4 15. Qe2 Nxb2 16. e5 Be6 17. Rab1 Bc4 18. Qe1 Bxf1 19. Qxf1 Qb4 20. Qe1 Nc4 21. Nd4 Qc5 22. Nb3 Qa3 23. Qe4 d5 24. Nxd5 cxd5 25. Qxd5 Rc8 26. Qb5+ Kf8 27. Qd7 Nb6 28. Qd3 e6 29. Rd1 Kg8 30. h4 h5 31. f4 Kh7 32. f5 exf5 33. e6 fxe6 34. Qe2 Rhe8 35. Bd6 Qa4 36. Nc5 Qxh4+ 0-1

[Event "Quebec op U2000"]
[Site "Montreal CAN"]
[Date "2012.07.22"]
[Round "2"]
[White "Johnson, Nicholas1"]
[Black "Pilotte, Benoit"]
[Result "1/2-1/2"]
[WhiteElo "1725"]
[BlackElo "1823"]
[PlyCount "57"]
[GameId "2160767909442307"]
[EventDate "2012.07.21"]
[EventType "swiss"]
[EventRounds "9"]
[EventCountry "CAN"]
[SourceTitle "EXT 2022"]
[Source "ChessBase"]
[SourceDate "2021.10.06"]
[SourceVersion "1"]
[SourceVersionDate "2021.10.06"]
[SourceQuality "1"]

1. c4 g5 2. d4 h6 3. h4 gxh4 4. Rxh4 Bg7 5. Nf3 d6 6. Nc3 c5 7. d5 Nd7 8. Qa4 Qb6 9. Bd2 Kd8 10. Nb5 a5 11. Qc2 Ne5 12. Nxe5 dxe5 13. e4 Qg6 14. g3 Bf6 15. Rh1 Bg4 16. Be2 b6 17. Qd3 Bxe2 18. Kxe2 h5 19. Qf3 Bg7 20. Bc3 Kd7 21. Rh2 Nf6 22. Kd3 Ng4 23. Rh3 Raf8 24. d6 e6 25. Rf1 Rb8 26. Ke2 Rhf8 27. Na7 Rb7 28. Nb5 Rbb8 29. Na7 1/2-1/2

[Event "Quebec op U2000"]
[Site "Montreal CAN"]
[Date "2012.07.22"]
[Round "2"]
[White "Millette, Sylvain"]
[Black "Campbell, Martin-Alexandre"]
[Result "0-1"]
[WhiteElo "1666"]
[BlackElo "1764"]
[PlyCount "54"]
[GameId "2160767909442308"]
[EventDate "2012.07.21"]
[EventType "swiss"]
[EventRounds "9"]
[EventCountry "CAN"]
[SourceTitle "EXT 2022"]
[Source "ChessBase"]
[SourceDate "2021.10.06"]
[SourceVersion "1"]
[SourceVersionDate "2021.10.06"]
[SourceQuality "1"]

1. Nf3 d5 2. g3 c5 3. Bg2 Nc6 4. d4 cxd4 5. Nxd4 Nf6 6. O-O e6 7. c4 Bc5 8. Nxc6 bxc6 9. cxd5 cxd5 10. Nc3 O-O 11. Bg5 h6 12. Bxf6 Qxf6 13. Qc2 Bb6 14. e4 Ba6 15. Rfd1 dxe4 16. Nxe4 Qf5 17. Qa4 Bb7 18. Rf1 Rad8 19. Qc4 Rd4 20. Qxd4 Bxd4 21. Nd6 Qe5 22. Nxb7 Rc8 23. Rae1 Qc7 24. Rc1 Qxc1 25. Rxc1 Rxc1+ 26. Bf1 Rc2 27. Bd3 Rxb2 0-1

[Event "Quebec op U2000"]
[Site "Montreal CAN"]
[Date "2012.07.22"]
[Round "2"]
[White "Perna-Fraser, David"]
[Black "Baran, Marius"]
[Result "1/2-1/2"]
[WhiteElo "1701"]
[BlackElo "1788"]
[PlyCount "72"]
[GameId "2160767909442309"]
[EventDate "2012.07.21"]
[EventType "swiss"]
[EventRounds "9"]
[EventCountry "CAN"]
[SourceTitle "EXT 2022"]
[Source "ChessBase"]
[SourceDate "2021.10.06"]
[SourceVersion "1"]
[SourceVersionDate "2021.10.06"]
[SourceQuality "1"]

1. d4 d5 2. c4 e6 3. Nc3 Nf6 4. Nf3 c6 5. e3 Bd6 6. Bd3 Nbd7 7. O-O O-O 8. c5 Bc7 9. Qc2 e5 10. dxe5 Nxe5 11. Nxe5 Bxe5 12. f4 Bxc3 13. Qxc3 Qe7 14. b3 Ne4 15. Bxe4 Qxe4 16. Bb2 f6 17. Qd4 Bf5 18. Qxe4 Bxe4 19. Bd4 Rab8 20. b4 Rfe8 21. Rf2 Bd3 22. Rd2 Bc4 23. Kf2 Kf7 24. g4 g5 25. fxg5 fxg5 26. Kg3 Kg6 27. Rg1 Rf8 28. Rgg2 Rf1 29. Rgf2 Rf8 30. Rxf8 Rxf8 31. a3 a6 32. Rf2 Rxf2 33. Kxf2 Bd3 34. Kg3 Be2 35. Bb2 h5 36. h3 Bd1 1/2-1/2

[Event "Quebec op U2000"]
[Site "Montreal CAN"]
[Date "2012.07.22"]
[Round "2"]
[White "Sarra-Bournet, Marc"]
[Black "Alcantara, Maximo jr"]
[Result "0-1"]
[WhiteElo "1883"]
[BlackElo "1757"]
[PlyCount "53"]
[GameId "2160767909442310"]
[EventDate "2012.07.21"]
[EventType "swiss"]
[EventRounds "9"]
[EventCountry "CAN"]
[SourceTitle "EXT 2022"]
[Source "ChessBase"]
[SourceDate "2021.10.06"]
[SourceVersion "1"]
[SourceVersionDate "2021.10.06"]
[SourceQuality "1"]

1. e4 Nf6 2. e5 Nd5 3. d4 d6 4. c4 Nb6 5. f4 e6 6. Nf3 N8d7 7. Nc3 Be7 8. Bd3 f6 9. O-O O-O 10. Qe2 dxe5 11. fxe5 f5 12. c5 Nd5 13. Nxd5 exd5 14. Bf4 c6 15. e6 Nf6 16. Ng5 Ne4 17. Bxe4 dxe4 18. Qh5 Qxd4+ 19. Kh1 Bxg5 20. Bxg5 Bxe6 21. Be7 Rfe8 22. Bd6 b6 23. b3 e3 24. Qe2 Bd5 25. Rad1 Qf6 26. Rd3 Qg6 27. Re1 0-1

[Event "Quebec op U2000"]
[Site "Montreal CAN"]
[Date "2012.07.22"]
[Round "2"]
[White "Turcotte, Jonathan"]
[Black "Moore, Ronald"]
[Result "1-0"]
[WhiteElo "1936"]
[BlackElo "1713"]
[PlyCount "75"]
[GameId "2160767909442311"]
[EventDate "2012.07.21"]
[EventType "swiss"]
[EventRounds "9"]
[EventCountry "CAN"]
[SourceTitle "EXT 2022"]
[Source "ChessBase"]
[SourceDate "2021.10.06"]
[SourceVersion "1"]
[SourceVersionDate "2021.10.06"]
[SourceQuality "1"]

1. d4 f5 2. Nf3 Nf6 3. Bf4 e6 4. e3 d5 5. c4 c6 6. Nc3 Bd6 7. Bd3 O-O 8. Qc2 Ne4 9. O-O h6 10. Rac1 g5 11. Bxd6 Qxd6 12. Ne2 Nd7 13. Ne1 Qe7 14. Nf3 Qg7 15. b4 g4 16. Ne1 Ndf6 17. Kh1 Bd7 18. f3 Ng5 19. Nf4 Rae8 20. Be2 h5 21. Ned3 h4 22. Ne5 g3 23. h3 Rc8 24. Bd3 Qh7 25. Qb1 Rfd8 26. Rc3 Nh5 27. Rfc1 Nxf4 28. exf4 Nf7 29. Nxd7 Rxd7 30. cxd5 Nh6 31. dxe6 Rxd4 32. b5 c5 33. Rxc5 Rcd8 34. Rc7 Qh8 35. Bc4 Re8 36. Bb3 Qf6 37. Rc8 Qe7 38. R1c7 1-0

[Event "Quebec op U2000"]
[Site "Montreal CAN"]
[Date "2012.07.22"]
[Round "2"]
[White "Villeneuve, Benoit"]
[Black "Pichette, Mickaelin"]
[Result "1/2-1/2"]
[WhiteElo "1740"]
[BlackElo "1863"]
[PlyCount "131"]
[GameId "2160767909442312"]
[EventDate "2012.07.21"]
[EventType "swiss"]
[EventRounds "9"]
[EventCountry "CAN"]
[SourceTitle "EXT 2022"]
[Source "ChessBase"]
[SourceDate "2021.10.06"]
[SourceVersion "1"]
[SourceVersionDate "2021.10.06"]
[SourceQuality "1"]

1. e4 c5 2. Nf3 e6 3. d4 d5 4. Nc3 Nf6 5. Bg5 cxd4 6. Nxd4 dxe4 7. Bb5+ Bd7 8. Bxd7+ Nbxd7 9. O-O Qb6 10. Nb3 Bb4 11. Be3 Qa6 12. Ne2 O-O 13. a3 Bd6 14. Nc3 h6 15. Nd2 Qc6 16. h3 Nc5 17. Bxc5 Bxc5 18. Qe2 Bd4 19. Ndxe4 Nxe4 20. Qxe4 Qxe4 21. Nxe4 Bxb2 22. Rab1 Bxa3 23. Rxb7 Rfe8 24. Ra1 Re7 25. Rb3 f5 26. Rbxa3 fxe4 27. Re3 Rc7 28. Rxe4 Kf7 29. c4 a5 30. Ra4 Rc5 31. Kf1 Rb8 32. Ke2 Kf6 33. Kd3 e5 34. Kc3 Kf5 35. Re1 Rd8 36. Rea1 Rd4 37. Rxa5 Rcxc4+ 38. Kb3 Kf4 39. Re1 e4 40. Ra7 Rb4+ 41. Ka3 g5 42. Rf7+ Ke5 43. f3 Rbc4 44. Rxe4+ Rxe4 45. fxe4 Kxe4 46. Kb3 Rc1 47. Rh7 Rc6 48. Rf7 h5 49. Rh7 h4 50. Rf7 Rc1 51. Rf2 Rg1 52. Kc3 Ke3 53. Rc2 Kf4 54. Kd3 Kg3 55. Rc5 Rxg2 56. Rxg5+ Kxh3 57. Re5 Kg3 58. Ke3 h3 59. Rg5+ Kh2 60. Rh5 Rg8 61. Kf3 Rf8+ 62. Ke2 Kg2 63. Rg5+ Kh1 64. Rg7 h2 65. Rg6 Rb8 66. Kf1 1/2-1/2

[Event "Quebec op U2000"]
[Site "Montreal CAN"]
[Date "2012.07.22"]
[Round "2"]
[White "Zhang, John"]
[Black "Pregent, Daniel"]
[Result "1-0"]
[WhiteElo "1725"]
[BlackElo "1814"]
[PlyCount "63"]
[GameId "2160767909442313"]
[EventDate "2012.07.21"]
[EventType "swiss"]
[EventRounds "9"]
[EventCountry "CAN"]
[SourceTitle "EXT 2022"]
[Source "ChessBase"]
[SourceDate "2021.10.06"]
[SourceVersion "1"]
[SourceVersionDate "2021.10.06"]
[SourceQuality "1"]

1. e4 c5 2. Na3 Nc6 3. Bb5 Qc7 4. c3 a6 5. Bxc6 Qxc6 6. d3 d5 7. e5 Bf5 8. f4 Qg6 9. Qa4+ Kd8 10. g3 Bxd3 11. Nf3 b5 12. Qd1 b4 13. Nc2 Qe4+ 14. Ne3 d4 15. cxd4 cxd4 16. Kf2 dxe3+ 17. Bxe3 Kc7 18. Rc1+ Kb7 19. Ng5 Qd5 20. Rc5 Qd7 21. Qf3+ Kb8 22. Rhc1 Bf5 23. Rc7 Qb5 24. R1c5 Qb6 25. R5c6 Qxc7 26. Rxc7 Kxc7 27. Qxa8 Nh6 28. Qa7+ Kc6 29. Qxa6+ Kc7 30. Qb6+ Kc8 31. Qc6+ Kb8 32. Bb6 1-0

[Event "Quebec op U2000"]
[Site "Montreal CAN"]
[Date "2012.07.22"]
[Round "3"]
[White "Alcantara, Maximo jr"]
[Black "Zhang, John"]
[Result "1-0"]
[WhiteElo "1757"]
[BlackElo "1725"]
[PlyCount "89"]
[GameId "2160767909442314"]
[EventDate "2012.07.21"]
[EventType "swiss"]
[EventRounds "9"]
[EventCountry "CAN"]
[SourceTitle "EXT 2022"]
[Source "ChessBase"]
[SourceDate "2021.10.06"]
[SourceVersion "1"]
[SourceVersionDate "2021.10.06"]
[SourceQuality "1"]

1. d4 Nf6 2. c4 g6 3. Nc3 Bg7 4. e4 d6 5. f4 O-O 6. Nf3 Na6 7. Be2 c5 8. Be3 b6 9. O-O Ng4 10. Bf2 Nxf2 11. Rxf2 Bg4 12. d5 Nc7 13. Kh1 a6 14. a4 a5 15. h3 Bxf3 16. Rxf3 e6 17. f5 exf5 18. exf5 Ne8 19. Qc2 Nf6 20. Raf1 Nd7 21. Ne4 Ne5 22. f6 Bh6 23. Rg3 Qd7 24. Bg4 Nxg4 25. Rxg4 Rfe8 26. Rh4 Be3 27. Qd3 Bd4 28. Ng5 h5 29. Rxh5 Re5 30. Qg3 Be3 31. Nxf7 Qxf7 32. Rxe5 dxe5 33. Qxe3 Re8 34. d6 Re6 35. d7 Rd6 36. Qxe5 Rxd7 37. Qb8+ Kh7 38. Qxb6 Qxc4 39. Qb5 Qxb5 40. axb5 Kg8 41. f7+ Kf8 42. Rf6 Rb7 43. b6 c4 44. Rc6 Rxf7 45. Rc8+ 1-0

[Event "Quebec op U2000"]
[Site "Montreal CAN"]
[Date "2012.07.22"]
[Round "3"]
[White "Baran, Marius"]
[Black "Nikulich, Oleksandr"]
[Result "1-0"]
[WhiteElo "1788"]
[BlackElo "1836"]
[PlyCount "79"]
[GameId "2160767909442315"]
[EventDate "2012.07.21"]
[EventType "swiss"]
[EventRounds "9"]
[EventCountry "CAN"]
[SourceTitle "EXT 2022"]
[Source "ChessBase"]
[SourceDate "2021.10.06"]
[SourceVersion "1"]
[SourceVersionDate "2021.10.06"]
[SourceQuality "1"]

1. d4 Nf6 2. c4 e6 3. Nf3 b6 4. g3 Bb7 5. Bg2 Be7 6. O-O O-O 7. Nc3 c5 8. d5 exd5 9. cxd5 d6 10. e4 Nbd7 11. Re1 Re8 12. Nh4 g6 13. f4 Nh5 14. Nf3 Bf6 15. Nb5 Qb8 16. Bh3 Rd8 17. g4 a6 18. Nc3 Ng7 19. g5 Bxc3 20. bxc3 c4 21. Bxd7 Rxd7 22. Be3 b5 23. a4 Qe8 24. Bd4 Re7 25. Bxg7 Kxg7 26. Qd4+ Kg8 27. axb5 axb5 28. Rxa8 Bxa8 29. h4 Qc8 30. Kf2 Qa6 31. h5 Qa2+ 32. Re2 Qb3 33. h6 f5 34. gxf6 Rf7 35. Ng5 Qa3 36. Nxf7 Kxf7 37. e5 Qc5 38. Qxc5 dxc5 39. e6+ Ke8 40. d6 1-0

[Event "Quebec op U2000"]
[Site "Montreal CAN"]
[Date "2012.07.22"]
[Round "3"]
[White "Blanchet, Robert"]
[Black "Benoit, Sebastien"]
[Result "1/2-1/2"]
[WhiteElo "1738"]
[BlackElo "1816"]
[PlyCount "124"]
[GameId "2160767909442316"]
[EventDate "2012.07.21"]
[EventType "swiss"]
[EventRounds "9"]
[EventCountry "CAN"]
[SourceTitle "EXT 2022"]
[Source "ChessBase"]
[SourceDate "2021.10.06"]
[SourceVersion "1"]
[SourceVersionDate "2021.10.06"]
[SourceQuality "1"]

1. e4 c5 2. Nf3 d6 3. d4 cxd4 4. Nxd4 Nf6 5. Nc3 a6 6. Be2 e6 7. Be3 Be7 8. Qd2 Nc6 9. O-O-O Bd7 10. g4 b5 11. f3 b4 12. Nb1 O-O 13. g5 Ne8 14. h4 Nxd4 15. Bxd4 e5 16. Be3 Bc6 17. h5 a5 18. g6 h6 19. gxf7+ Rxf7 20. Bc4 Nf6 21. Bxf7+ Kxf7 22. Qg2 Bf8 23. Nd2 Qc8 24. Rhg1 a4 25. Qg6+ Ke7 26. Kb1 Be8 27. Qg2 a3 28. b3 Bf7 29. Nf1 Qc3 30. Bc1 Bxh5 31. Ne3 g6 32. Rd3 Qc5 33. Rh1 Kf7 34. Bd2 Rc8 35. c3 bxc3 36. Rxc3 Qd4 37. Nc2 Bxf3 38. Qxf3 Rxc3 39. Nxd4 Rxf3 40. Nxf3 Nxe4 41. Bb4 Ke6 42. Bxa3 g5 43. Kc2 g4 44. Ne1 Bg7 45. Bc1 Ng3 46. Rg1 Ne2 47. Rxg4 Nxc1 48. Kxc1 Bf6 49. Kc2 Kf5 50. Rg2 e4 51. a4 d5 52. Rf2+ Ke5 53. Rh2 Bg5 54. Ng2 d4 55. a5 d3+ 56. Kd1 Kd5 57. Rh5 Kc6 58. Rxg5 hxg5 59. Kd2 g4 60. Ke3 g3 61. b4 Kb5 62. Nf4 Ka6 1/2-1/2

[Event "Quebec op U2000"]
[Site "Montreal CAN"]
[Date "2012.07.22"]
[Round "3"]
[White "Campbell, Martin-Alexandre"]
[Black "Chevalier, Francois"]
[Result "1/2-1/2"]
[WhiteElo "1764"]
[BlackElo "1808"]
[PlyCount "41"]
[GameId "2160767909442317"]
[EventDate "2012.07.21"]
[EventType "swiss"]
[EventRounds "9"]
[EventCountry "CAN"]
[SourceTitle "EXT 2022"]
[Source "ChessBase"]
[SourceDate "2021.10.06"]
[SourceVersion "1"]
[SourceVersionDate "2021.10.06"]
[SourceQuality "1"]

1. a3 Nf6 2. d4 e6 3. c4 d5 4. Nc3 c6 5. Nf3 Nbd7 6. e3 Be7 7. Qc2 O-O 8. Bd3 dxc4 9. Bxc4 c5 10. O-O cxd4 11. Nxd4 Ne5 12. Be2 a6 13. Rd1 Qc7 14. Nf3 Nxf3+ 15. Bxf3 Bd7 16. e4 e5 17. Bg5 h6 18. Bxf6 Bxf6 19. Qd2 Be6 20. Nd5 Bxd5 21. Qxd5 1/2-1/2

[Event "Quebec op U2000"]
[Site "Montreal CAN"]
[Date "2012.07.22"]
[Round "3"]
[White "Dubreuil, Raymond"]
[Black "Blanchet, Robert"]
[Result "1/2-1/2"]
[WhiteElo "1502"]
[BlackElo "1738"]
[PlyCount "131"]
[GameId "2160767909442318"]
[EventDate "2012.07.21"]
[EventType "swiss"]
[EventRounds "9"]
[EventCountry "CAN"]
[SourceTitle "EXT 2022"]
[Source "ChessBase"]
[SourceDate "2021.10.06"]
[SourceVersion "1"]
[SourceVersionDate "2021.10.06"]
[SourceQuality "1"]

1. e4 c5 2. Nc3 Nc6 3. d3 d6 4. g3 a6 5. Bg2 e6 6. f4 Qc7 7. Nf3 Bd7 8. O-O Be7 9. a3 h5 10. h3 Nd4 11. Be3 Nxf3+ 12. Qxf3 Bc6 13. d4 f5 14. d5 fxe4 15. Qxe4 exd5 16. Qg6+ Kf8 17. Nxd5 Bxd5 18. Bxd5 Bf6 19. c3 Rh6 20. Qe4 Re8 21. Qf3 b5 22. Bxg8 Kxg8 23. f5 Rxe3 24. Qxe3 Be5 25. Rf3 a5 26. Qe4 Qd8 27. Qd5+ Kh8 28. h4 Rf6 29. Rd1 Qf8 30. Rdf1 Qb8 31. b4 cxb4 32. cxb4 axb4 33. axb4 Qa7+ 34. Kg2 Rf8 35. f6 gxf6 36. Rf5 Qe3 37. Rxh5+ Kg7 38. Qb7+ Rf7 39. Qf3 Qxf3+ 40. Rxf3 Rc7 41. Rhf5 Rc4 42. Rb3 d5 43. Rff3 d4 44. Rfd3 Kg6 45. Kh3 Kf5 46. Kg2 Ke4 47. Rf3 Rc2+ 48. Kf1 f5 49. Ke1 Bd6 50. Kd1 Rh2 51. Rf1 d3 52. Re1+ Kd4 53. Rg1 Kc4 54. Rb1 Bxb4 55. g4 Bc3 56. gxf5 Rxh4 57. Rf1 Bf6 58. Rc1+ Kd5 59. Rb1 b4 60. Kd2 Kc4 61. Rxb4+ Kxb4 62. Kxd3 Kc5 63. Rf3 Kd5 64. Ke2 Rh5 65. Kd3 Ke5 66. Ke2 1/2-1/2

[Event "Quebec op U2000"]
[Site "Montreal CAN"]
[Date "2012.07.22"]
[Round "3"]
[White "Gauthier, Luc"]
[Black "Sarra-Bournet, Marc"]
[Result "1-0"]
[WhiteElo "1755"]
[BlackElo "1883"]
[PlyCount "89"]
[GameId "2160767909442319"]
[EventDate "2012.07.21"]
[EventType "swiss"]
[EventRounds "9"]
[EventCountry "CAN"]
[SourceTitle "EXT 2022"]
[Source "ChessBase"]
[SourceDate "2021.10.06"]
[SourceVersion "1"]
[SourceVersionDate "2021.10.06"]
[SourceQuality "1"]

1. e4 e5 2. Nc3 Bc5 3. f4 Bxg1 4. Rxg1 exf4 5. Qg4 Qf6 6. Nd5 Qe5 7. Nxc7+ Qxc7 8. Qxg7 Qxc2 9. Qxh8 Qxe4+ 10. Be2 Kf8 11. d3 Qf5 12. Rf1 d6 13. Bxf4 Qg6 14. Qd4 d5 15. Qxd5 Nc6 16. Bh5 Qe6+ 17. Qxe6 Bxe6 18. Bd6+ Kg7 19. Bf3 Rd8 20. Bxc6 bxc6 21. Be5+ f6 22. Bc3 Rxd3 23. Rd1 Rxd1+ 24. Kxd1 Bxa2 25. Kc2 Bd5 26. Ra1 Kg6 27. g3 Nh6 28. Rxa7 Ng4 29. h3 Nf2 30. h4 h5 31. Ra1 f5 32. Ra7 Ne4 33. Be5 Nc5 34. Kc3 Ne6 35. Re7 Nc5 36. b4 Ne4+ 37. Kd4 Nd2 38. Bf4 Nb3+ 39. Kc3 c5 40. bxc5 Na5 41. Rd7 Be6 42. Rd6 Kf7 43. c6 Ke7 44. Kb4 Nc4 45. Rxe6+ 1-0

[Event "Quebec op U2000"]
[Site "Montreal CAN"]
[Date "2012.07.22"]
[Round "3"]
[White "Girard, Sylvain"]
[Black "Langlois-Remillard, Alexis"]
[Result "1/2-1/2"]
[WhiteElo "1588"]
[BlackElo "1783"]
[PlyCount "72"]
[GameId "2160767909442320"]
[EventDate "2012.07.21"]
[EventType "swiss"]
[EventRounds "9"]
[EventCountry "CAN"]
[SourceTitle "EXT 2022"]
[Source "ChessBase"]
[SourceDate "2021.10.06"]
[SourceVersion "1"]
[SourceVersionDate "2021.10.06"]
[SourceQuality "1"]

1. e4 Nc6 2. d4 d5 3. Nc3 dxe4 4. d5 Ne5 5. Nxe4 e6 6. dxe6 Qxd1+ 7. Kxd1 Bxe6 8. Bf4 O-O-O+ 9. Kc1 Ng6 10. Bg5 f6 11. Be3 Kb8 12. Bd3 Ne5 13. Be2 Ne7 14. Bf4 Rd4 15. Bxe5 fxe5 16. Ng5 Rd6 17. N1f3 Ng6 18. Nxe6 Rxe6 19. Bc4 Rf6 20. Re1 Bc5 21. Nxe5 Nxe5 22. Rxe5 Bxf2 23. Bd3 Rhf8 24. Kd2 Bd4 25. Re2 Bxb2 26. Rae1 Kc8 27. g4 g6 28. Re7 h6 29. h3 Ba3 30. Rh7 Rd8 31. Re4 g5 32. Ke2 Bc5 33. Re5 Bd6 34. Bf5+ Kb8 35. Re4 Bf4 36. Rd7 Rd6 1/2-1/2

[Event "Quebec op U2000"]
[Site "Montreal CAN"]
[Date "2012.07.22"]
[Round "3"]
[White "Giroux, Robert"]
[Black "Villeneuve, Benoit"]
[Result "1-0"]
[WhiteElo "1845"]
[BlackElo "1740"]
[PlyCount "101"]
[GameId "2160767909442321"]
[EventDate "2012.07.21"]
[EventType "swiss"]
[EventRounds "9"]
[EventCountry "CAN"]
[SourceTitle "EXT 2022"]
[Source "ChessBase"]
[SourceDate "2021.10.06"]
[SourceVersion "1"]
[SourceVersionDate "2021.10.06"]
[SourceQuality "1"]

1. d4 Nf6 2. Nf3 e6 3. e3 c5 4. Bd3 d5 5. b3 cxd4 6. exd4 Nc6 7. O-O Bd6 8. a3 Bd7 9. Bb2 Qb6 10. Nbd2 Na5 11. Qe2 O-O 12. Ne5 Nc6 13. Ndf3 Qc7 14. Rfe1 Rae8 15. Rac1 g6 16. b4 Nh5 17. g3 Ng7 18. c4 Qd8 19. c5 Bc7 20. Nxc6 bxc6 21. Ne5 f6 22. Nxd7 Qxd7 23. b5 Rb8 24. a4 f5 25. f4 Bd8 26. bxc6 Qxc6 27. Bb5 Qc7 28. Bc3 g5 29. Qe5 gxf4 30. gxf4 Qxe5 31. dxe5 Nh5 32. Rf1 Kf7 33. Be2 Ng7 34. Rb1 Be7 35. Bd4 Rfc8 36. Ba6 Rxb1 37. Rxb1 Rc7 38. Rb7 Ne8 39. Rxc7 Nxc7 40. Be2 Ke8 41. c6 a6 42. Bh5+ Kf8 43. Be2 Ke8 44. Bb6 Na8 45. Bh5+ Kf8 46. Ba7 Nc7 47. Kg2 Bb4 48. Bb6 Na8 49. a5 Ke7 50. Be2 Nxb6 51. axb6 1-0